000 00871nam a22002057a 4500
999 _c62738
_d62738
005 20250204113823.0
008 250204s2019 enk||||| |||| 00| 0 eng d
020 _a9789941462962
041 _aeng
080 _a159.942.53 Ch -43
100 _aChaganava, Guram
_96836
245 _aMain features of general biopsychic set activity of personality /
_c Guram Chaganava; editor Ilya Kechakmadze.
264 _aBatumi :
_bBatumi Shota Rustaveli State University,
_c 2019.
300 _a130 p. ;
_b 20 cm.
521 _aბიბლიოგრაფია თავების ბოლოს.
653 _aგანწყობა (ფსიქოლოგია
653 _aინდივიდუალური ფსიქოლოგია
700 _aჩაგანავა, გურამ
_eავტორი
_924241
942 _2udc
_cᲬᲘᲒᲜᲘ